000
00212 a2200097 4500
001
59944
100
_a
245
_a
Family Story Collection
260
_a
New York
_b
Disnep
_c
1998
090
_c
36784
_d
36784
942
_a
NUST-CAE
_c
MONOGRAPH
_c
29762
999
_c
295017
_d
295017